Using Lotus HAL

Αποθηκεύτηκε σε:
Λεπτομέρειες βιβλιογραφικής εγγραφής
Κύριος συγγραφέας: Gobel, David P.
Μορφή: Βιβλίο
Γλώσσα:English
Δημοσίευση: Carmel : Que , c1987
Θέματα:
Ετικέτες: Προσθήκη ετικέτας
Δεν υπάρχουν, Καταχωρήστε ετικέτα πρώτοι!

MARC

LEADER 00000cam a2200000 i 4500
001 1/60531
008 930826s1987 eng d
020 |a 0-88022-291-3 
035 |l 10000696 
040 |a GR-MY-UA  |b gre  |e aacr 
041 0 |a eng 
082 0 |a 005.369 
100 1 |a Gobel, David P. 
245 1 0 |a Using Lotus HAL /  |c David P. Gobel 
260 |a Carmel :   |b Que ,   |c c1987 
300 |a xviii, 375 p.;  |c 24 cm 
504 |a Includes index 
650 0 0 |a Business  |x Computer programs. 
852 |a INST  |b LESVOS  |e 19930826  |h 005.369 GOB  |p 005100006659  |q 005100006659  |t BK  |y 0 
909 |a Λ  |b 021301